[Event "Wch U18 Girls"]
[Site "Montesilvano"]
[Date "2023.11.18"]
[Round "6"]
[White "Saraci, Rinesa"]
[Black "Lu, Yun Ru"]
[Result "1-0"]
[WhiteElo "1481"]
[BlackElo "1284"]
[PlyCount "101"]
[EventDate "2023.11.13"]
[EventType "swiss"]
[EventRounds "11"]
[EventCountry "ITA"]
[SourceTitle "CB48_2023"]
[SourceDate "2023.11.29"]
[SourceVersion "1"]
[SourceVersionDate "2023.11.29"]
[SourceQuality "1"]

1. e4 e5 2. Nf3 Nc6 3. Bb5 a6 4. Ba4 Nf6 5. 0-0 Bc5 6. d3 h6 7. Bxc6 dxc6 8. Nxe5 0-0 9. h3 Re8 10. Nf3 Bd6 11. Re1 Be5 12. d4 Bxd4 13. Qxd4 Qxd4 14. Nxd4 Nxe4 15. f3 Nf6 16. Rxe8+ Nxe8 17. Nc3 Bd7 18. Bf4 Rd8 19. Re1 c5 20. Nb3 c4 21. Nc5 Bc8 22. Kf2 c6 23. N3a4 Nf6 24. Nb6 Nd5 25. Nxd5 cxd5 26. Bc7 Rf8 27. Re5 d4 28. Rd5 c3 29. bxc3 dxc3 30. Rd3 Bf5 31. Rxc3 Rc8 32. Nxb7 f6 33. Nd6 Rxc7 34. Rxc7 Be6 35. c4 Kf8 36. Ra7 a5 37. Rxa5 Ke7 38. c5 Kd7 39. Ra6 Kc7 40. a4 f5 41. a5 g5 42. Ne8+ Kd7 43. Rxe6 Kxe6 44. a6 Kd7 45. a7 Kxe8 46. a8Q+ Kf7 47. Qd5+ Kg6 48. Qe6+ Kh5 49. g3 g4 50. fxg4+ Kg5 51. Qxf5# 1-0

[Event "Wch U18 Girls"]
[Site "Montesilvano"]
[Date "2023.11.13"]
[Round "1"]
[White "Skarbarchuk, Tetyana"]
[Black "Saraci, Rinesa"]
[Result "1-0"]
[WhiteElo "2010"]
[BlackElo "1481"]
[PlyCount "97"]
[EventDate "2023.11.13"]
[EventType "swiss"]
[EventRounds "11"]
[EventCountry "ITA"]
[SourceTitle "CB48_2023"]
[SourceDate "2023.11.29"]
[SourceVersion "1"]
[SourceVersionDate "2023.11.29"]
[SourceQuality "1"]

1. d4 Nf6 2. c4 e6 3. Nf3 b6 4. g3 Bb7 5. Bg2 d5 6. cxd5 Nxd5 7. 0-0 Be7 8. Re1 0-0 9. e4 Nf6 10. Nc3 Nbd7 11. Bf4 Bb4 12. Nd2 h6 13. a3 Bxc3 14. bxc3 c5 15. Nc4 Ne8 16. Rc1 b5 17. Nd6 Nxd6 18. Bxd6 Re8 19. dxc5 Rc8 20. c4 bxc4 21. Rxc4 Qa5 22. Ra4 Qb5 23. Rxa7 Nxc5 24. Bxc5 Rxc5 25. Qb1 Rb8 26. Qxb5 Rxb5 27. Rc1 Ba8 28. Bf1 Rb3 29. Bg2 Rb1 30. Rac7 Rxc1+ 31. Rxc1 Kf8 32. h3 f5 33. exf5 Bxg2 34. Kxg2 exf5 35. a4 Kf7 36. a5 Ra8 37. Rc5 g6 38. Kf3 Ra6 39. Ke3 Re6+ 40. Kd3 Re1 41. Kc4 Ra1 42. Kb5 Rb1+ 43. Kc6 Ra1 44. Kb6 Rb1+ 45. Rb5 Re1 46. a6 Re6+ 47. Ka5 Re8 48. a7 Re2 49. Ka6 1-0

[Event "EU-ch (Women) 23rd"]
[Site "Petrovac"]
[Date "2023.03.21"]
[Round "4"]
[White "Kostina, Veronika"]
[Black "Saraci, Rinesa"]
[Result "1/2-1/2"]
[WhiteElo "1855"]
[BlackElo "1503"]
[PlyCount "121"]
[EventDate "2023.03.18"]
[EventType "swiss"]
[EventRounds "11"]
[EventCountry "MNE"]
[SourceTitle "CBM 213 Extra"]
[Source "ChessBase"]
[SourceDate "2023.05.31"]
[SourceVersion "1"]
[SourceVersionDate "2023.05.31"]
[SourceQuality "1"]

1. Nf3 d5 2. e3 Nf6 3. c4 e6 4. b3 Be7 5. Bb2 0-0 6. Be2 c5 7. 0-0 Nc6 8. cxd5 Nxd5 9. Nc3 Nxc3 10. Bxc3 b6 11. Qc2 Bb7 12. Rfd1 Rc8 13. Qb2 Bf6 14. Bxf6 Qxf6 15. Qxf6 gxf6 16. d4 cxd4 17. Nxd4 Nxd4 18. Rxd4 Rfd8 19. Rxd8+ Rxd8 20. Rd1 Rc8 21. Bc4 Bd5 22. Bxd5 exd5 23. Kf1 Rc2 24. a4 Rb2 25. Rxd5 Rxb3 26. Ke2 Rb2+ 27. Kf3 a5 28. g4 Rb4 29. Rd4 Rb2 30. h4 h6 31. Kg3 Rb4 32. Kf4 Rb2 33. f3 Kg7 34. Ke4 Rb3 35. f4 b5 36. axb5 Rxb5 37. Ra4 h5 38. Kf3 hxg4+ 39. Kxg4 Kg6 40. e4 f5+ 41. exf5+ Rxf5 42. Ra1 Rb5 43. Ra3 f5+ 44. Kg3 Kh5 45. Kh3 a4 46. Rxa4 Rb3+ 47. Kg2 Kxh4 48. Rd4 Kg4 49. Ra4 Rf3 50. Ra8 Rxf4 51. Rg8+ Kh5 52. Kg3 Rg4+ 53. Rxg4 fxg4 54. Kg2 Kh4 55. Kh2 g3+ 56. Kg2 Kg4 57. Kg1 Kf5 58. Kg2 Kf4 59. Kg1 Kf3 60. Kf1 g2+ 61. Kg1 1/2-1/2

[Event "Olympiad Women-44"]
[Site "Chennai"]
[Date "2022.08.05"]
[Round "7.2"]
[White "Ranasinghe, Sachini D"]
[Black "Saraci, Rinesa"]
[Result "1-0"]
[WhiteElo "1687"]
[BlackElo "1494"]
[PlyCount "67"]
[EventDate "2022.07.29"]
[EventType "team-swiss"]
[EventRounds "11"]
[EventCountry "IND"]
[SourceTitle "CBM 210"]
[Source "ChessBase"]
[SourceDate "2022.10.31"]
[SourceVersion "1"]
[SourceVersionDate "2022.10.31"]
[SourceQuality "1"]
[WhiteTeam "Sri Lanka (W)"]
[BlackTeam "Kosovo (W)"]
[WhiteTeamCountry "SRI"]
[BlackTeamCountry "KOS"]

1. Nf3 d5 2. c4 dxc4 3. Na3 Nd7 4. Nxc4 e6 5. a3 Ngf6 6. g3 Be7 7. Bg2 c6 8. 0-0 0-0 9. d3 Re8 10. Bf4 Nf8 11. Nce5 h6 12. Rc1 Nd5 13. Bd2 Nd7 14. Qa4 Bf6 15. d4 N5b6 16. Qc2 Bxe5 17. dxe5 Nd5 18. Rfd1 Qc7 19. e4 Ne7 20. Bb4 Ng6 21. Bd6 Qa5 22. b4 Qb6 23. h4 a5 24. h5 Ne7 25. Nd2 a4 26. Nc4 Qa6 27. Na5 Qa7 28. Qd2 Qa6 29. Bf1 b5 30. Bxe7 Rxe7 31. Rxc6 Qa7 32. Qd6 Re8 33. Bxb5 Rd8 34. Rc7 1-0

[Event "Olympiad Women-44"]
[Site "Chennai"]
[Date "2022.07.31"]
[Round "3.2"]
[White "Almanzar Vasquez, Jennifer Maria"]
[Black "Saraci, Rinesa"]
[Result "1/2-1/2"]
[WhiteElo "1762"]
[BlackElo "1494"]
[PlyCount "98"]
[EventDate "2022.07.29"]
[EventType "team-swiss"]
[EventRounds "11"]
[EventCountry "IND"]
[SourceTitle "CBM 210"]
[Source "ChessBase"]
[SourceDate "2022.10.31"]
[SourceVersion "1"]
[SourceVersionDate "2022.10.31"]
[SourceQuality "1"]
[WhiteTeam "Dominican Republic (W)"]
[BlackTeam "Kosovo (W)"]
[WhiteTeamCountry "DOM"]
[BlackTeamCountry "KOS"]

1. c4 Nf6 2. Nc3 g6 3. d3 Bg7 4. g3 d6 5. Bg2 0-0 6. Nf3 Nc6 7. Bd2 Re8 8. 0-0 e5 9. e4 Bd7 10. a3 a5 11. Rb1 Bg4 12. Be3 Qd7 13. Qd2 Bh3 14. Nb5 Bxg2 15. Kxg2 b6 16. Ng1 Ng4 17. Ne2 Nxe3+ 18. fxe3 Na7 19. Nxa7 Rxa7 20. Nc3 Rf8 21. Rf2 f5 22. Rbf1 fxe4 23. Rxf8+ Bxf8 24. Nxe4 Bg7 25. Qf2 Ra8 26. Nf6+ Bxf6 27. Qxf6 Re8 28. Qf3 Qe7 29. Qd5+ Kg7 30. Qc6 Rf8 31. Rxf8 Kxf8 32. b4 axb4 33. axb4 Kg7 34. b5 Qf7 35. Qf3 Qxf3+ 36. Kxf3 Kf6 37. Ke4 Ke6 38. h4 h6 39. g4 h5 40. g5 Ke7 41. Kd5 Kd7 42. d4 exd4 43. exd4 Ke7 44. Kc6 Kd8 45. c5 bxc5 46. dxc5 dxc5 47. Kxc5 Ke7 48. Kd5 Kd7 49. Ke5 Ke7 1/2-1/2

[Event "Online Olym Div3 C"]
[Site "Chess.com INT"]
[Date "2021.08.29"]
[Round "8.1"]
[White "Peace, Samson"]
[Black "Saraci, Rinesa"]
[Result "1-0"]
[WhiteElo "1718"]
[BlackElo "1474"]
[PlyCount "71"]
[EventDate "2021.08.27"]
[EventType "team-tourn (rapid)"]
[EventRounds "9"]
[EventCountry "USA"]
[SourceTitle "CBM 204 Extra"]
[Source "ChessBase"]
[SourceDate "2021.11.30"]
[SourceVersion "1"]
[SourceVersionDate "2021.11.30"]
[SourceQuality "1"]
[WhiteTeam "Nigeria"]
[BlackTeam "Kosovo"]
[WhiteTeamCountry "NGR"]
[BlackTeamCountry "KOS"]

1. e4 e5 2. Nf3 Nc6 3. Bc4 d6 4. d3 h6 5. h3 Nf6 6. a3 Be7 7. Be3 0-0 8. Nc3 Be6 9. Nd5 a6 10. 0-0 Re8 11. Ba2 Bxd5 12. exd5 Na7 13. Nh2 Qd7 14. c3 c6 15. dxc6 Nxc6 16. f4 Rad8 17. fxe5 dxe5 18. Bb6 Rc8 19. Ng4 Qd6 20. Qf3 Rf8 21. Rad1 Rb8 22. Ne3 Nd4 23. Bxd4 exd4 24. Nf5 Qd7 25. Nxd4 Bc5 26. Qf4 Rbd8 27. Kh1 Bxd4 28. cxd4 Nd5 29. Bxd5 Qxd5 30. Qe4 Rfe8 31. Qf4 Re6 32. Qxf7+ Kh8 33. Rf5 Qd6 34. Qxb7 Qxd4 35. Rf7 Qxb2 36. Qxb2 1-0

[Event "Online Olym Div3 C"]
[Site "Chess.com INT"]
[Date "2021.08.28"]
[Round "5.1"]
[White "Saraci, Rinesa"]
[Black "Nuserova, Almash"]
[Result "1-0"]
[WhiteElo "1474"]
[BlackElo "1245"]
[PlyCount "75"]
[EventDate "2021.08.27"]
[EventType "team-tourn (rapid)"]
[EventRounds "9"]
[EventCountry "USA"]
[SourceTitle "CBM 204 Extra"]
[Source "ChessBase"]
[SourceDate "2021.11.30"]
[SourceVersion "1"]
[SourceVersionDate "2021.11.30"]
[SourceQuality "1"]
[WhiteTeam "Kosovo"]
[BlackTeam "ICCD"]
[WhiteTeamCountry "KOS"]

1. e4 c5 2. Nf3 Nc6 3. d4 cxd4 4. Nxd4 g6 5. Nc3 Bg7 6. Ndb5 Nf6 7. Bd2 0-0 8. Bc4 a6 9. Na3 b5 10. Bxb5 axb5 11. Naxb5 Ba6 12. Qf3 Qb6 13. a4 Bxb5 14. Nxb5 Nd4 15. Nxd4 Qxd4 16. Bc3 Qxe4+ 17. Qxe4 Nxe4 18. Bxg7 Kxg7 19. 0-0 Rfc8 20. c3 Rc4 21. a5 d5 22. f3 Nc5 23. Ra3 e6 24. b4 Nd3 25. Rd1 Nf4 26. Kf2 Kf6 27. a6 g5 28. b5 Rc5 29. b6 Rxa6 30. Rxa6 Rb5 31. g3 Rb2+ 32. Ke3 Nh5 33. Rd4 Ng7 34. Rb4 Nf5+ 35. Kd3 Rxh2 36. b7 Nxg3 37. b8Q Nf5 38. Qxh2 1-0

[Event "Online Olym Div3 C"]
[Site "Chess.com INT"]
[Date "2021.08.27"]
[Round "2.1"]
[White "Saraci, Rinesa"]
[Black "Gabatshwarwe, Refilwe"]
[Result "1/2-1/2"]
[WhiteElo "1474"]
[BlackElo "1798"]
[PlyCount "117"]
[EventDate "2021.08.27"]
[EventType "team-tourn (rapid)"]
[EventRounds "9"]
[EventCountry "USA"]
[SourceTitle "CBM 204 Extra"]
[Source "ChessBase"]
[SourceDate "2021.11.30"]
[SourceVersion "1"]
[SourceVersionDate "2021.11.30"]
[SourceQuality "1"]
[WhiteTeam "Kosovo"]
[BlackTeam "Botswana"]
[WhiteTeamCountry "KOS"]
[BlackTeamCountry "BOT"]

1. e4 e5 2. Nf3 Nc6 3. Nc3 Nf6 4. Bc4 Bc5 5. h3 d6 6. d3 h6 7. 0-0 Na5 8. Bb3 Nxb3 9. axb3 a6 10. Bd2 0-0 11. Na4 Ba7 12. Qe2 Bd7 13. Be3 Bxe3 14. Qxe3 Re8 15. Nc3 Bc6 16. Rad1 Qe7 17. Rfe1 Nh7 18. Nd2 Qg5 19. Qxg5 hxg5 20. g4 Nf8 21. Nf3 f6 22. Kg2 Kf7 23. Rh1 Ng6 24. h4 gxh4 25. Nxh4 Rh8 26. Nxg6 Kxg6 27. f3 Rag8 28. Ne2 Bd7 29. Ng3 Rxh1 30. Rxh1 a5 31. Kf2 Ra8 32. Ke2 b6 33. Ke3 c5 34. Nf5 Bxf5 35. gxf5+ Kf7 36. Rh7 a4 37. bxa4 Rxa4 38. b3 Ra2 39. Kd2 Ra8 40. Ke3 b5 41. Rh1 Ra2 42. Kd2 Ra6 43. Rb1 b4 44. Rh1 Ra8 45. Ke3 Ra7 46. Rh8 Ra2 47. Kd2 Ra6 48. Rd8 Ke7 49. Rg8 Kf7 50. Rd8 g6 51. fxg6+ Kxg6 52. Rh8 Kg7 53. Rh2 Kg6 54. Ke3 Ra8 55. f4 Kg7 56. f5 Ra6 57. Rg2+ Kf7 58. Rg6 Ra2 59. Kd2 1/2-1/2

[Event "Online Olym Div3 C"]
[Site "Chess.com INT"]
[Date "2021.08.27"]
[Round "3.1"]
[White "Saraci, Rinesa"]
[Black "Pires, Luzia"]
[Result "0-1"]
[WhiteElo "1474"]
[BlackElo "1768"]
[PlyCount "58"]
[EventDate "2021.08.27"]
[EventType "team-tourn (rapid)"]
[EventRounds "9"]
[EventCountry "USA"]
[SourceTitle "CBM 204 Extra"]
[Source "ChessBase"]
[SourceDate "2021.11.30"]
[SourceVersion "1"]
[SourceVersionDate "2021.11.30"]
[SourceQuality "1"]
[WhiteTeam "Kosovo"]
[BlackTeam "Angola"]
[WhiteTeamCountry "KOS"]
[BlackTeamCountry "ANG"]

1. e4 c5 2. Nf3 g6 3. Nc3 Bg7 4. d3 d6 5. Bd2 Nf6 6. Be2 0-0 7. 0-0 Nc6 8. h3 a6 9. a3 b5 10. Na2 Bb7 11. Rb1 Rc8 12. Bc3 h6 13. Qd2 Kh7 14. Bxf6 Bxf6 15. Nc3 Bg7 16. Nh2 e6 17. f4 f5 18. exf5 exf5 19. Bf3 Re8 20. Rbe1 Qd7 21. b3 Nd4 22. Bxb7 Qxb7 23. Nf3 b4 24. axb4 cxb4 25. Na2 Rxc2 26. Qxb4 Nxf3+ 27. gxf3 Qa7+ 28. Kh1 Rxe1 29. Rxe1 Qf2 0-1

[Event "Balkan-ch U16 Girls"]
[Site "Tornelo INT"]
[Date "2020.10.31"]
[Round "2"]
[White "Dimitrijevic, Andjela"]
[Black "Saraci, Rinesa"]
[Result "1-0"]
[WhiteElo "1756"]
[BlackElo "1184"]
[PlyCount "55"]
[EventDate "2020.10.31"]
[EventType "swiss"]
[EventRounds "7"]
[EventCountry "NET"]
[SourceTitle "EXT 2023"]
[Source "ChessBase"]
[SourceDate "2022.10.05"]
[SourceVersion "1"]
[SourceVersionDate "2022.10.05"]
[SourceQuality "1"]

1. e4 e5 2. Bc4 Nc6 3. Nf3 h6 4. d3 Nf6 5. c3 d6 6. Nbd2 Be7 7. 0-0 0-0 8. Re1 a6 9. Bb3 Bd7 10. Nf1 Qc8 11. Ng3 Re8 12. h3 Na5 13. Bc2 b5 14. d4 Nc6 15. Be3 Rb8 16. Qd2 exd4 17. cxd4 Nd8 18. Rac1 c6 19. Qd3 Kf8 20. e5 dxe5 21. dxe5 Ng8 22. Qh7 Bb4 23. Red1 Qc7 24. a3 Be7 25. Nh5 Ne6 26. Bb3 g6 27. Bxe6 Bxe6 28. Qg7# 1-0

[Event "Olympiad Women-43"]
[Site "Batumi"]
[Date "2018.10.01"]
[Round "7.56"]
[White "Gonzalez, Yaribeth"]
[Black "Saraci, Rinesa"]
[Result "1/2-1/2"]
[WhiteElo "1727"]
[BlackElo "1138"]
[PlyCount "60"]
[EventDate "2018.09.24"]
[EventType "team-swiss"]
[EventRounds "11"]
[EventCountry "GEO"]
[SourceTitle "EXT 2020"]
[Source "ChessBase"]
[SourceDate "2019.10.17"]
[SourceVersion "1"]
[SourceVersionDate "2019.10.17"]
[SourceQuality "1"]
[WhiteTeam "Panama (W)"]
[BlackTeam "Kosovo (W)"]
[WhiteTeamCountry "PAN"]
[BlackTeamCountry "KOS"]

1. e4 e5 2. Nf3 Nc6 3. Bc4 Bc5 4. d3 Nf6 5. 0-0 d6 6. c3 Be6 7. Bxe6 fxe6 8. Qb3 Qc8 9. Ng5 Nd8 10. a4 0-0 11. Qd1 a5 12. Be3 Bxe3 13. fxe3 h6 14. Nh3 Nc6 15. Nd2 Qd7 16. Qe2 Rf7 17. d4 Raf8 18. Nf2 exd4 19. exd4 e5 20. Nb3 b6 21. d5 Ne7 22. Nd2 Ng6 23. g3 Nh7 24. Qg4 Qxg4 25. Nxg4 Ng5 26. Rxf7 Rxf7 27. Rf1 Nf8 28. h4 Ngh7 29. Rxf7 Kxf7 30. b4 Nd7 1/2-1/2